000 00767nas a2200265 i 4500
001 38304
003 ES-MaACL
005 20250724062612.0
007 t|
008 030225d18571858sp a|yp || | |spa d
022 _a1889-8459
080 _a008
080 _a(059)(460)"18"
245 0 0 _aCalendario del Museo universal :
_bpara el año 1858.
260 _aMadrid :
_b[s.n.],
_c1857-[1858] (
_fImp. de Gaspar y Roig)
300 _a46 p. :
_bil. ;
_c23 cm.
310 _aAnual
362 0 _a1858.
650 4 _aCalendarios.
_910680
650 7 _aCultura
_2embne
_9170963
785 0 0 _tAlmanaque literario del Museo universal,
_xISSN 1889-8467
787 0 _tEl Museo universal,
_xISSN 1889-8440
852 4 _aES-MaACL
_jT-213-F-2
999 _c38304
_d38304